| 000 | 00781nam a22002417a 4500 | ||
|---|---|---|---|
| 003 | OSt | ||
| 005 | 20170320105920.0 | ||
| 008 | 170320b xxu||||| |||| 00| 0 eng d | ||
| 020 | _a10: 0-87893-465-0 | ||
| 082 |
_22006 _aDC 306.7 _bL57 |
||
| 100 |
_919337 _aLeVay, Simon |
||
| 245 |
_aHuman sexuality/ _cSimon LeVay and Sharon M. Valente. |
||
| 250 | _aSecond Edition | ||
| 260 |
_aSunderland, MA: _bSinauer Associates, _cc2006. |
||
| 300 |
_axxvi, 651 pages: _bcolor illustration; _c28 cm. |
||
| 500 | _aIncludes bibliographical references and index. | ||
| 650 | 0 |
_919338 _aSex (Psychology) |
|
| 650 | 0 |
_919339 _aSex (Biology) |
|
| 650 | 0 |
_919340 _aSex _xSocial aspects |
|
| 650 | 0 |
_919341 _aSexual disorders |
|
| 700 |
_919342 _aValente, Sharon McBride _d1945- |
||
| 942 |
_2ddc _cDC |
||
| 999 |
_c6404 _d6404 |
||